000 00250nam a2200097Ia 4500
082 _aJ|552|HURD
245 0 _aInvestigating rocks
100 _a Hurd, Will Oxford, 2009
_970786
942 _cBK
008 210817s9999 xx 000 0 und d
999 _c229949
_d229948